000 00384cam a2200157ua 4500
041 _aeng
_h
082 _a823.308
_bPAT/MA
100 _aPeter, Walter .
245 _aMarius the epicurean /
_cWalter Peter.
_hTextual Documents
250 _a1 /
_b.
260 _aLondon :
_bJ M Dent and Sons Ltd ,
_c1960.
300 _a284 ; .
504 _a
942 _cBK
999 _c6834
_d6834